Esbozo de una nueva gramática de la lengua española
Guardat en:
| Autor corporatiu: | |
|---|---|
| Format: | Llibre |
| Idioma: | espanyol |
| Publicat: |
Madrid
Espasa-Calpe
1973
|
| Edició: | 1a. ed |
| Matèries: | |
| Etiquetes: |
Afegir etiqueta
Sense etiquetes, Sigues el primer a etiquetar aquest registre!
|
MARC
| LEADER | 00000nam a2200000 a 4500 | ||
|---|---|---|---|
| 001 | UCZ0758 | ||
| 003 | CL-VaPUC | ||
| 008 | 950809e19730400SP |||||||||||||||||spa|d | ||
| 020 | |a 8423947629 | ||
| 082 | 0 | 4 | |a 465 |b REA |2 21 |
| 110 | 2 | |a Real Academia Española |e author |9 343958 | |
| 245 | 1 | 0 | |a Esbozo de una nueva gramática de la lengua española |
| 250 | |a 1a. ed | ||
| 300 | |a 592 p | ||
| 942 | |c BK | ||
| 945 | |d 19950809 00:00:00 |a cmena | ||
| 260 | |a Madrid |b Espasa-Calpe |c 1973 | ||
| 650 | 0 | |a Gramática |9 270497 | |
| 650 | 7 | |a LINGUISTICA DESCRIPTIVA |2 CL-VaPUC |9 343959 | |
| 650 | 0 | |a Morfología Lingüística |9 340777 | |
| 650 | 0 | |a Sintaxis |9 318843 | |
| 650 | 0 | |a Filología |9 321245 | |
| 583 | |a last modification |c 20170314 00:07:01 |k Rodrigo Vera | ||
| 999 | |c 237664 |d 237662 | ||
| 952 | |0 0 |1 0 |4 0 |6 465_000000000000000_REA_1973 |7 0 |8 A |9 247191 |a BIBEDU |b BIBEDU |d 2019-11-18 |i 1554581 |o 465 REA 1973 |p 1554581 |r 2019-11-18 |w 2019-11-18 |y BK |k EDU | ||
| 952 | |0 0 |1 0 |4 0 |6 465_000000000000000_REA_1973 |7 0 |8 A |9 247192 |a BIBEDU |b BIBEDU |d 2019-11-18 |i 155459K |o 465 REA 1973 |p 155459K |r 2019-11-18 |w 2019-11-18 |y BK |k EDU | ||
| 952 | |0 0 |1 0 |4 0 |6 465_000000000000000_REA_1973 |7 0 |8 X |9 247193 |a BIBCUR |b BIBCUR |d 2019-11-18 |i 1760424 |o 465 REA 1973 |p 1760424 |r 2025-04-22 |w 2019-11-18 |y BK_X |k BCB | ||
| 952 | |0 0 |1 0 |4 0 |6 465_000000000000000_REA_1973 |7 0 |8 A |9 247195 |a BIBEDU |b BIBEDU |d 2019-11-18 |i 1932268 |o 465 REA 1973 |p 1932268 |r 2019-11-18 |w 2019-11-18 |y BK |k LIT | ||
| 952 | |0 0 |1 0 |4 0 |6 465_000000000000000_REA_1973 |7 0 |8 A |9 247196 |a BIBEDU |b BIBEDU |d 2019-11-18 |i 1932551 |l 1 |o 465 REA 1973 |p 1932551 |r 2022-08-16 |s 2022-08-08 |w 2019-11-18 |y BK |k LIT | ||
| 952 | |0 0 |1 0 |4 0 |6 465_000000000000000_REA_1973 |7 0 |8 A |9 247197 |a BIBEDU |b BIBEDU |d 2019-11-18 |i 1932500 |o 465 REA 1973 |p 1932500 |r 2019-11-18 |w 2019-11-18 |y BK |k LIT | ||
| 952 | |0 0 |1 0 |4 0 |6 465_000000000000000_REA_1973 |7 0 |8 A |9 247198 |a BIBEDU |b BIBEDU |d 2019-11-18 |i 1932454 |o 465 REA 1973 |p 1932454 |r 2019-11-18 |w 2019-11-18 |y BK |k LIT | ||
| 952 | |0 0 |1 0 |4 0 |6 465_000000000000000_REA_1973 |7 0 |8 A |9 247199 |a BIBEDU |b BIBEDU |d 2019-11-18 |i 1932403 |l 1 |o 465 REA 1973 |p 1932403 |r 2024-06-06 |s 2024-06-06 |w 2019-11-18 |y BK |k LIT | ||
| 952 | |0 0 |1 0 |4 0 |6 465_000000000000000_REA_1973 |7 0 |8 A |9 247200 |a BIBEDU |b BIBEDU |d 2019-11-18 |i 193256K |o 465 REA 1973 |p 193256K |r 2019-11-18 |w 2019-11-18 |y BK |k LIT | ||
| 952 | |0 0 |1 0 |4 0 |6 465_000000000000000_REA_1973 |7 0 |8 A |9 247202 |a BIBEDU |b BIBEDU |d 2019-11-18 |i 141657K |l 1 |o 465 REA 1973 |p 141657K |r 2022-08-16 |s 2022-08-08 |w 2019-11-18 |y BK |k LIT | ||
| 952 | |0 0 |1 0 |4 0 |6 465_000000000000000_REA_1973 |7 0 |8 A |9 247203 |a BIBEDU |b BIBEDU |d 2019-11-18 |i 1416693 |o 465 REA 1973 |p 1416693 |r 2019-11-18 |w 2019-11-18 |y BK |k LIT | ||
| 952 | |0 0 |1 0 |4 0 |6 465_000000000000000_REA_1973 |7 0 |8 A |9 247204 |a BIBEDU |b BIBEDU |d 2019-11-18 |i 141674K |o 465 REA 1973 |p 141674K |r 2019-11-18 |w 2019-11-18 |y BK |k LIT | ||
| 952 | |0 0 |1 0 |4 0 |6 465_000000000000000_REA_1973 |7 0 |8 A |9 247205 |a BIBEDU |b BIBEDU |d 2019-11-18 |i 1416790 |o 465 REA 1973 |p 1416790 |r 2019-11-18 |w 2019-11-18 |y BK |k LIT | ||
| 952 | |0 0 |1 0 |4 0 |6 465_000000000000000_REA_1973 |7 0 |8 A |9 247206 |a BIBEDU |b BIBEDU |d 2019-11-18 |i 1416596 |o 465 REA 1973 |p 1416596 |r 2019-11-18 |w 2019-11-18 |y BK |k LIT | ||
| 952 | |0 0 |1 0 |4 0 |6 465_000000000000000_REA_1973 |7 0 |8 A |9 247207 |a BIBEDU |b BIBEDU |d 2019-11-18 |i 1416987 |l 1 |m 1 |o 465 REA 1973 |p 1416987 |r 2022-04-27 |s 2022-04-14 |w 2019-11-18 |y BK |k LIT | ||
| 952 | |0 0 |1 0 |4 0 |6 465_000000000000000_REA_1973 |7 0 |8 A |9 247208 |a BIBEDU |b BIBEDU |d 2019-11-18 |i 1416537 |o 465 REA 1973 |p 1416537 |r 2019-11-18 |w 2019-11-18 |y BK |k LIT | ||
| 952 | |0 0 |1 0 |4 0 |6 465_000000000000000_REA_1973 |7 0 |8 A |9 247209 |a BIBEDU |b BIBEDU |d 2019-11-18 |i 1416588 |o 465 REA 1973 |p 1416588 |r 2019-11-18 |w 2019-11-18 |y BK |k LIT | ||
| 952 | |0 0 |1 0 |4 0 |6 465_000000000000000_REA_1973 |7 0 |8 A |9 247210 |a BIBEDU |b BIBEDU |d 2019-11-18 |i 1416871 |o 465 REA 1973 |p 1416871 |r 2019-11-18 |w 2019-11-18 |y BK |k LIT | ||
| 952 | |0 0 |1 0 |4 0 |6 465_000000000000000_REA_1973 |7 0 |8 A |9 247211 |a FDOPOS |b FDOPOS |d 2019-11-18 |i 3871800 |o 465 REA 1973 |p 3871800 |r 2025-01-22 |w 2019-11-18 |y BK |k MLA | ||
| 952 | |0 0 |1 0 |4 0 |6 465_000000000000000_REA_1973 |7 0 |8 A |9 247212 |a FDOPOS |b FDOPOS |d 2019-11-18 |i 431817K |l 8 |m 1 |o 465 REA 1973 |p 431817K |r 2025-01-22 |s 2021-09-07 |w 2019-11-18 |y BK |k MLA | ||
| 952 | |0 0 |1 0 |4 0 |6 465_000000000000000_REA_1973 |7 0 |8 A |9 247213 |a FDOPOS |b FDOPOS |d 2019-11-18 |i 4274172 |o 465 REA 1973 |p 4274172 |r 2025-01-22 |w 2019-11-18 |y BK |k MLA | ||